<?xml version="1.0" encoding="UTF-8"?>
<collection xmlns="http://www.loc.gov/MARC21/slim">
 <record>
  <leader>00362pamaa2200133   4500</leader>
  <controlfield tag="001">0000023615</controlfield>
  <controlfield tag="005">20061214090000.0</controlfield>
  <datafield tag="020" ind1="0" ind2="0">
   <subfield code="a">0224024264 </subfield>
  </datafield>
  <datafield tag="090" ind1="0" ind2="0">
   <subfield code="a">PR6057.A55 </subfield>
   <subfield code="b">GAL 1987</subfield>
  </datafield>
  <datafield tag="100" ind1="1" ind2="0">
   <subfield code="a">GALLANT </subfield>
  </datafield>
  <datafield tag="245" ind1="1" ind2="0">
   <subfield code="a">Overhead in a ballon : </subfield>
   <subfield code="b">stories of Paris  </subfield>
   <subfield code="c">Mavis Gallant.</subfield>
  </datafield>
  <datafield tag="260" ind1="0" ind2="0">
   <subfield code="a">London: </subfield>
   <subfield code="b">St Edmundsbury Press Ltd., </subfield>
   <subfield code="c">1987.</subfield>
  </datafield>
  <datafield tag="300" ind1=" " ind2=" ">
   <subfield code="a">196p.; </subfield>
   <subfield code="c">23cm.</subfield>
  </datafield>
  <datafield tag="650" ind1="0" ind2="0">
   <subfield code="a">Fiction </subfield>
  </datafield>
 </record>
</collection>
